00681nam a22001697a 4500003000200000005001700002008004100019050002300060100002400083245013100107260007100238300002400309500003900333504006800372650003400440650003700474020250220100008.0250219b xxu||||| |||| 00| 0 eng d aHJ 2305b.R47 2023 aResiduo, Jyster R.  aThe impact of tax awareness on the tax compliance of microenterprises in bf international las pinas city. cJyster R. Residuo aLas Pinas CitybSouthville International School and Collegesc2023 ax,109 pages;c28cm. aBachelor of Science in Accountancy abibli.note (Includes bibliographical references and appendices. aTax compliance—Philippines. aSmall business—Tax compliance.